Cmparison of new and farmer's thichnique of growing straw mushroom in crop station of royal university of agricultre,(ប្រៀបធៀបបច្ចេកទេសដាំដុះដំណាំផ្សិតចំបើងថ្មី និងបច្ចេកទេសរបស់កសិករ នៅក្នុងស្ថានីយ៍ពិសោធន៍នៃកសាកលវិទ្យាល័យភូមិន្ធកសិកម្ម). (Record no. 719)

000 -LEADER
fixed length control field 00828nam a22001577a 4500
003 - CONTROL NUMBER IDENTIFIER
control field OSt
005 - DATE AND TIME OF LATEST TRANSACTION
control field 20150918111306.0
008 - FIXED-LENGTH DATA ELEMENTS--GENERAL INFORMATION
fixed length control field 150918b xxu||||| |||| 00| 0 eng d
040 ## - CATALOGING SOURCE
Transcribing agency RUA
082 ## - DEWEY DECIMAL CLASSIFICATION NUMBER
Classification number AGR SUN 2006 BOO33 Or.1
100 ## - MAIN ENTRY--PERSONAL NAME
9 (RLIN) 748
Personal name SUN, VIBOL
245 ## - TITLE STATEMENT
Title Cmparison of new and farmer's thichnique of growing straw mushroom in crop station of royal university of agricultre,(ប្រៀបធៀបបច្ចេកទេសដាំដុះដំណាំផ្សិតចំបើងថ្មី និងបច្ចេកទេសរបស់កសិករ នៅក្នុងស្ថានីយ៍ពិសោធន៍នៃកសាកលវិទ្យាល័យភូមិន្ធកសិកម្ម).
260 ## - PUBLICATION, DISTRIBUTION, ETC. (IMPRINT)
Place of publication, distribution, etc. phnom phen
Name of publisher, distributor, etc. RUA
Date of publication, distribution, etc. 2006
300 ## - PHYSICAL DESCRIPTION
Extent X, 38P.
Other physical details ILL.
Dimensions 29CM.
942 ## - ADDED ENTRY ELEMENTS (KOHA)
Source of classification or shelving scheme
Koha item type AGR
Holdings
Price effective from Date last seen Permanent Location Not for loan Date acquired Source of classification or shelving scheme Koha item type Lost status Withdrawn status Total Renewals Date last checked out Total Checkouts Shelving location Damaged status Barcode Current Location Full call number
2015-09-182026-05-29Library Block B 2015-09-18 AGR  12026-05-0815B033 RUA002982Library Block BAGR SUN 2006 BOO33 Or.1
មជ្ឈមណ្ឌលឯការនៃសាកលវិទ្យាល័យភូមិន្ទកសិកម្មចំការដូង

Powered by Koha